Narraciones extraordinarias
I tiakina i:
| Kaituhi matua: | |
|---|---|
| Hōputu: | Pukapuka |
| Reo: | Pāniora |
| I whakaputaina: |
Santiago
Ercilla
1985
|
| Rangatū: | Los mejores libros de la literatura universal, 16
|
| Ngā marau: | |
| Ngā Tūtohu: |
Tāpirihia he Tūtohu
Kāore He Tūtohu, Me noho koe te mea tuatahi ki te tūtohu i tēnei pūkete!
|
MARC
| LEADER | 00000nam a2200000 a 4500 | ||
|---|---|---|---|
| 001 | UCX4190 | ||
| 003 | CL-VaPUC | ||
| 008 | 920323e19850000CL |||||||||||||||||spa|d | ||
| 082 | 0 | 4 | |a 813 |b POE |2 21 |
| 100 | |a Poe, Edgar Allan |e author |9 313715 | ||
| 245 | 1 | 0 | |a Narraciones extraordinarias |
| 300 | |a 173 p | ||
| 942 | |c BK | ||
| 945 | |d 19920323 00:00:00 | ||
| 260 | |a Santiago |b Ercilla |c 1985 | ||
| 650 | 0 | |a Cuentos estadounidenses |9 265133 | |
| 583 | |a last modification |c 20150417 16:47:27 |k Rodrigo Vera | ||
| 490 | 0 | |a Los mejores libros de la literatura universal, 16 | |
| 999 | |c 224731 |d 224729 | ||
| 952 | |0 0 |1 0 |4 0 |6 813_000000000000000_POE_1985 |7 0 |8 A |9 221645 |a BIBEDU |b BIBEDU |d 2019-11-15 |i 2904462 |o 813 POE 1985 |p 2904462 |r 2019-11-15 |w 2019-11-15 |y BK |k LIT | ||
| 952 | |0 0 |1 0 |4 0 |6 813_000000000000000_POE_1985 |7 0 |8 A |9 221646 |a BIBEDU |b BIBEDU |d 2019-11-15 |i 2904470 |o 813 POE 1985 |p 2904470 |r 2019-11-15 |w 2019-11-15 |y BK |k LIT | ||